Basic Electrical Engineering (Record no. 2629)

MARC details
000 -LEADER
Fixed length control field 00506nam a2200193 4500
003 - CONTROL NUMBER IDENTIFIER
Control field SEACOMEC
005 - DATE AND TIME OF LATEST TRANSACTION
Control field 20251105122831.0
008 - FIXED-LENGTH DATA ELEMENTS--GENERAL INFORMATION
Fixed length control field 251105b |||||||| |||| 00| 0 eng d
020 ## - INTERNATIONAL STANDARD BOOK NUMBER / ISBN
International Standard Book Number 9780070669307
Price 300.00
040 ## - CATALOGING SOURCE
Original cataloging agency SEACOMEC
082 ## - DEWEY DECIMAL CLASSIFICATION NUMBER
Classification number 621.3
Book Number C435
100 ## - MAIN ENTRY--PERSONAL NAME
Personal name Chakrabarti, Abhijit
245 ## - TITLE STATEMENT
Title Basic Electrical Engineering
Statement of responsibility Abhijit Chakrabarti
260 ## - IMPRINT
Place of publication New Delhi
Name of publisher TMH
Date of publication 2009
650 ## - SUBJECT ADDED ENTRY--TOPICAL TERM
Topical term Electrical Engineering
700 ## - ADDED ENTRY--PERSONAL NAME
Personal name Nath, Sudipta
700 ## - ADDED ENTRY--PERSONAL NAME
Personal name Chanda, C.K
942 ## - ADDED ENTRY ELEMENTS (KOHA)
Koha item type Books
Holdings
Withdrawn status Lost status Source of classification Damaged status Not for loan Home library Current library Date acquired Total Checkouts Call number Accession number Date last seen Price effective from Koha item type Date checked out Copy number Checked out
    Dewey Decimal Classification     SEACOM ENGINEERING COLLEGE SEACOM ENGINEERING COLLEGE 05/11/2025   621.3 C435 13132 05/11/2025 05/11/2025 Reference Books      
    Dewey Decimal Classification     SEACOM ENGINEERING COLLEGE SEACOM ENGINEERING COLLEGE 05/11/2025 1 621.3 C435 13133 10/04/2026 05/11/2025 Books 18/03/2026 1  
    Dewey Decimal Classification     SEACOM ENGINEERING COLLEGE SEACOM ENGINEERING COLLEGE 05/11/2025   621.3 C435 13134 05/11/2025 05/11/2025 Books   2  
    Dewey Decimal Classification     SEACOM ENGINEERING COLLEGE SEACOM ENGINEERING COLLEGE 05/11/2025   621.3 C435 13135 05/11/2025 05/11/2025 Books   3  
    Dewey Decimal Classification     SEACOM ENGINEERING COLLEGE SEACOM ENGINEERING COLLEGE 05/11/2025 1 621.3 C435 13136 06/04/2026 05/11/2025 Books 02/04/2026 4  
    Dewey Decimal Classification     SEACOM ENGINEERING COLLEGE SEACOM ENGINEERING COLLEGE 05/11/2025 1 621.3 C435 13137 18/03/2026 05/11/2025 Books 18/03/2026 5 01/04/2026
    Dewey Decimal Classification     SEACOM ENGINEERING COLLEGE SEACOM ENGINEERING COLLEGE 05/11/2025   621.3 C435 13138 05/11/2025 05/11/2025 Books   6  
    Dewey Decimal Classification     SEACOM ENGINEERING COLLEGE SEACOM ENGINEERING COLLEGE 05/11/2025   621.3 C435 13139 05/11/2025 05/11/2025 Books   7  
    Dewey Decimal Classification     SEACOM ENGINEERING COLLEGE SEACOM ENGINEERING COLLEGE 05/11/2025   621.3 C435 13140 05/11/2025 05/11/2025 Books   8  
    Dewey Decimal Classification     SEACOM ENGINEERING COLLEGE SEACOM ENGINEERING COLLEGE 05/11/2025 1 621.3 C435 13141 18/03/2026 05/11/2025 Books 18/03/2026 9 01/04/2026
    Dewey Decimal Classification     SEACOM ENGINEERING COLLEGE SEACOM ENGINEERING COLLEGE 05/11/2025 1 621.3 C435 13142 18/03/2026 05/11/2025 Books 18/03/2026 10 01/04/2026
    Dewey Decimal Classification     SEACOM ENGINEERING COLLEGE SEACOM ENGINEERING COLLEGE 05/11/2025 1 621.3 C435 13143 10/04/2026 05/11/2025 Books 18/03/2026 11  
    Dewey Decimal Classification     SEACOM ENGINEERING COLLEGE SEACOM ENGINEERING COLLEGE 05/11/2025 1 621.3 C435 13144 21/04/2026 05/11/2025 Books 18/03/2026 12  
    Dewey Decimal Classification     SEACOM ENGINEERING COLLEGE SEACOM ENGINEERING COLLEGE 05/11/2025   621.3 C435 13145 05/11/2025 05/11/2025 Books   13  
    Dewey Decimal Classification     SEACOM ENGINEERING COLLEGE SEACOM ENGINEERING COLLEGE 05/11/2025   621.3 C435 13146 05/11/2025 05/11/2025 Books   14  
© Seacom Engineering College, All rights reserved.      Powered by Koha